000
00258nam a22000977a 4500
003
OSt
008
201013b ||||| |||| 00| 0 eng d
100
_a
Rangwala, S C
245
_a
Water supply and sanitary engineering (Environmental engineeering)
942
_c
BK
999
_c
16373
_d
16373